<?xml version='1.0' encoding='UTF-8'?>
  <record xmlns="http://www.loc.gov/MARC21/slim">
    <leader>00000ctm a2200000 i 4500</leader>
    <controlfield tag="001">on1086379716</controlfield>
    <controlfield tag="003">OCoLC</controlfield>
    <controlfield tag="005">20250724031730.6</controlfield>
    <controlfield tag="008">190220m15931599ne            000 0 lat d</controlfield>
    <datafield tag="040" ind1=" " ind2=" ">
      <subfield code="a">QGJ</subfield>
      <subfield code="b">eng</subfield>
      <subfield code="e">rda</subfield>
      <subfield code="e">dcrmmss</subfield>
      <subfield code="c">QGJ</subfield>
      <subfield code="d">OCLCQ</subfield>
      <subfield code="d">OCLCO</subfield>
      <subfield code="d">QGJ</subfield>
      <subfield code="d">OCLCO</subfield>
      <subfield code="d">OCLCL</subfield>
      <subfield code="d">OCLCA</subfield>
    </datafield>
    <datafield tag="035" ind1=" " ind2=" ">
      <subfield code="a">(OCoLC)1086379716</subfield>
    </datafield>
    <datafield tag="041" ind1="0" ind2=" ">
      <subfield code="a">lat</subfield>
      <subfield code="a">grc</subfield>
    </datafield>
    <datafield tag="044" ind1=" " ind2=" ">
      <subfield code="a">ne</subfield>
      <subfield code="a">enk</subfield>
      <subfield code="a">gw</subfield>
    </datafield>
    <datafield tag="242" ind1="1" ind2="0">
      <subfield code="a">Christophorus Stickius autograph album.</subfield>
      <subfield code="y">eng</subfield>
    </datafield>
    <datafield tag="245" ind1="0" ind2="0">
      <subfield code="a">Album amicorum Christophori Stickii Daventriensis,</subfield>
      <subfield code="f">UBU Hs. 1685 (Hs 5 L 41).</subfield>
    </datafield>
    <datafield tag="264" ind1=" " ind2="0">
      <subfield code="a">[Netherlands] ;</subfield>
      <subfield code="a">[England] ;</subfield>
      <subfield code="a">[Germany],</subfield>
      <subfield code="c">1593-1599.</subfield>
    </datafield>
    <datafield tag="300" ind1=" " ind2=" ">
      <subfield code="a">288 leaves ;</subfield>
      <subfield code="c">153 x 98 mm</subfield>
    </datafield>
    <datafield tag="336" ind1=" " ind2=" ">
      <subfield code="a">text</subfield>
      <subfield code="b">txt</subfield>
      <subfield code="2">rdacontent</subfield>
    </datafield>
    <datafield tag="337" ind1=" " ind2=" ">
      <subfield code="a">unmediated</subfield>
      <subfield code="b">n</subfield>
      <subfield code="2">rdamedia</subfield>
    </datafield>
    <datafield tag="338" ind1=" " ind2=" ">
      <subfield code="a">volume</subfield>
      <subfield code="b">nc</subfield>
      <subfield code="2">rdacarrier</subfield>
    </datafield>
    <datafield tag="340" ind1=" " ind2=" ">
      <subfield code="a">paper</subfield>
      <subfield code="2">rdamat</subfield>
    </datafield>
    <datafield tag="500" ind1=" " ind2=" ">
      <subfield code="a">Text only on recto pages, except for 141v and 175v; blank leaves: 3-5, 8-27, 29-33, 42-76, 78-140, 143-145, 148-150, 152-173, 176-203, 205-235, 237-268, 271-288.</subfield>
    </datafield>
    <datafield tag="500" ind1=" " ind2=" ">
      <subfield code="a">Title from: [A. Hulshof], Catalogus codicum manu scriptorum Bibliothecae Universitatis Rheno-Traiectinae.</subfield>
    </datafield>
    <datafield tag="524" ind1="8" ind2=" ">
      <subfield code="a">Cite as: Universiteitsbibliotheek Utrecht Hs. 1685 (Hs 5 L 41).</subfield>
    </datafield>
    <datafield tag="520" ind1="2" ind2=" ">
      <subfield code="a">Autograph book of Christophorus Stickius, law student in Franeker, Leiden and Marburg, containing approximately 20 contributions, e.g. by S. Lubbertus, Ph. van Marnix, Fr. Junius, P. Merula, B. Vulcanius and J. Dousa.</subfield>
    </datafield>
    <datafield tag="541" ind1=" " ind2=" ">
      <subfield code="c">Purchase at auction;</subfield>
      <subfield code="a">J.L. Beijers (Firm);</subfield>
      <subfield code="b">Utrecht;</subfield>
      <subfield code="d">1899.</subfield>
    </datafield>
    <datafield tag="546" ind1=" " ind2=" ">
      <subfield code="a">Contributions in Latin or Greek.</subfield>
    </datafield>
    <datafield tag="563" ind1=" " ind2=" ">
      <subfield code="a">Late 16th century leather binding with gold tooling. On front: C. Moltzer.</subfield>
    </datafield>
    <datafield tag="581" ind1=" " ind2=" ">
      <subfield code="a">[A. Hulshof], Catalogus codicum manu scriptorum Bibliothecae Universitatis Rheno-Traiectinae. II. Traiecti ad Rhenum 1909. p. 123-124.</subfield>
    </datafield>
    <datafield tag="581" ind1=" " ind2=" ">
      <subfield code="a">A. Hulshof, "Een album amicorum uit de 16e eeuw en een albumblad van Marnix voor de Utrechtsche Universiteitsbibliotheek verworven", in: Utrechtsche parelen, Utrecht, 1944. 235-240</subfield>
    </datafield>
    <datafield tag="581" ind1=" " ind2=" ">
      <subfield code="a">M. de Schepper, 'Dulce vitae condimentum amicitia. Het album amicorum van Florentius van Oyen (1603)', in: Miscellanea Neerlandica. Opstellen voor Dr. Jan Deschamps ter gelegenheid van zijn zeventigste verjaardag, III. Onder red. van E. Cockx-Indestege &amp; F. Hendrickx. Leuven 1987, p.229-248. p. 230.</subfield>
    </datafield>
    <datafield tag="581" ind1=" " ind2=" ">
      <subfield code="a">Alba amicorum. Vijf eeuwen vriendschap op papier gezet. Het album amicorum en het poëziealbum in de Nederlanden. Eindred. K. Thomassen. Tent. cat. Rijksmuseum Meermanno-Westreenianum / Museum van het boek, 's-Gravenhage. Maarssen etc. 1990. p. 127 nr. 151.</subfield>
    </datafield>
    <datafield tag="581" ind1=" " ind2=" ">
      <subfield code="a">C.L. Heesakkers &amp; K. Thomassen, Voorlopige lijst van alba amicorum uit de Nederlanden voor 1800. 's-Gravenhage 1986. p. 97.</subfield>
    </datafield>
    <datafield tag="581" ind1=" " ind2=" ">
      <subfield code="a">Catalogue de la grande collection exquise de livres imprimés et manuscrits, cartes, portraits et estampes provenant de W.J. Royaards van den Ham. Deuximème partie. Utrecht 1899. p. 175, no. 3262.</subfield>
    </datafield>
    <datafield tag="650" ind1=" " ind2="0">
      <subfield code="a">Autograph albums.</subfield>
    </datafield>
    <datafield tag="650" ind1=" " ind2="6">
      <subfield code="a">Autographes</subfield>
      <subfield code="x">Albums.</subfield>
    </datafield>
    <datafield tag="650" ind1=" " ind2="7">
      <subfield code="a">autograph albums.</subfield>
      <subfield code="2">aat</subfield>
    </datafield>
    <datafield tag="650" ind1=" " ind2="7">
      <subfield code="a">Autograph albums.</subfield>
      <subfield code="2">fast</subfield>
      <subfield code="0">(OCoLC)fst00822648</subfield>
    </datafield>
    <datafield tag="650" ind1=" " ind2="7">
      <subfield code="a">Autographs.</subfield>
      <subfield code="2">fast</subfield>
      <subfield code="0">(OCoLC)fst00822653</subfield>
    </datafield>
    <datafield tag="651" ind1=" " ind2="7">
      <subfield code="a">Netherlands.</subfield>
      <subfield code="2">fast</subfield>
      <subfield code="0">(OCoLC)fst01204034</subfield>
      <subfield code="1">https://id.oclc.org/worldcat/entity/E39PBJk4D96j3YTHJQfHCV3vpP</subfield>
    </datafield>
    <datafield tag="650" ind1=" " ind2="7">
      <subfield code="a">Stammbuch</subfield>
      <subfield code="2">gnd</subfield>
    </datafield>
    <datafield tag="650" ind1="1" ind2="7">
      <subfield code="a">Alba amicorum.</subfield>
      <subfield code="2">gtt</subfield>
    </datafield>
    <datafield tag="700" ind1="1" ind2=" ">
      <subfield code="a">Stickius, Christophorus,</subfield>
      <subfield code="e">dedicatee,</subfield>
      <subfield code="e">former owner</subfield>
      <subfield code="4">dte</subfield>
      <subfield code="4">fmo</subfield>
    </datafield>
    <datafield tag="700" ind1="1" ind2=" ">
      <subfield code="a">Royaards van den Ham, W. J.,</subfield>
      <subfield code="e">former owner</subfield>
      <subfield code="4">fmo</subfield>
    </datafield>
    <datafield tag="710" ind1="2" ind2=" ">
      <subfield code="a">Universiteit Utrecht.</subfield>
      <subfield code="b">Bibliotheek.</subfield>
      <subfield code="k">Manuscript</subfield>
      <subfield code="n">Hs. 1685 (Hs 5 L 41)</subfield>
    </datafield>
  </record>